000 00332nam a22001337a 4500
082 _a954.9105 LIE
100 _a Lieven, Anatol
245 _aPakistan : a hard country
260 _aNew York
_bPenguin Book
_c2011
300 _axv, 566p. :
_e22 cm
650 _aPolitical science--Pakistan
700 _aAnatol Lieven
942 _cBK
999 _c11570
_d11570